1906 1823 1489 1208 1926 1406 1166 1628 1107 1626 1535 1219 1285 1201 1422 1502 1973 1519 1310 1201 1494 1892 1768 1137 1873 1544 1325 1099 1707 1566 1048 1456 1392 1482 1702 1939 1290 1857 1349 1932 1758 1629 1240 1694 1029 1074 1327 1099 1505 1422 1265 1402 1190 1613 1253 1762 1020 1093 1120 1207 1046 1228 1812 1093 1911 1523 1875 1731 1185 1605 1887 1449 1758 1167 1328 1027 1657 1749 1585 1786 1356 1670 1234 1297 1744 1858 1268 1538 1848 1904 1081 1551 1186 1206 1141 1266 1300 1730 1337 BCNSPRNW ULIB Ver.6.0+V

เปลี่ยนเป็นภาษาไทย

Change to English
 แสดงรายละเอียดบรรณานุกรม
  กลับหน้าหลัก

Brief Record : Get Marc (ISO 2709) : E-mail record : QR code < ปิดหน้าต่าง
LEADER : 00000nam 2200000uu 4500
001    13399127508
003     ULIB
008    200911s2562||||th 000 0 tha d
020 ^- ^a9786160037919
050 ^- ^aนว.^bก371ค
100 0^ ^aกนิษฐา ปานเกตุ.
245 10 ^aคุณพ่อสายลับ =My daddy is sitting bull /^cกรรัมภา.
246 11 ^aMy daddy is sitting bull
250 ^- ^aพิมพ์ครั้งแรก.
260 ^- ^aกรุงเทพฯ :^bพิมพ์คำ,^c2562
300 ^- ^a519 หน้า.
490 1^ ^aชุด Love choices รักลงเอย ;[ลำดับที่ 1]
945    ^p360^l0^i007108
999    ^aประนอม เกษจรัล
รายการนี้ยังไม่มีแท็ก
คุณยังไม่ได้ล็อกอิน คุณสามารถมีกิจกรรมร่วมกับเว็บไซต์ได้ แต่ต้องล็อกอินก่อน ::
  ล็อกอิน

รายการสื่อสารสนเทศ

ลำดับที่ ประเภท เลขเรียก/บาร์โค้ด สถานที่ สถานะ
1. นวนิยาย
นวนิยาย
นว. ก371ค ฉ.1 
  Barcode: 007108
ห้องสมุดวิทยาเขตนครสวรรค์
►นวนิยาย:l:Fiction
บนชั้น

รายการใกล้เคียง
    ผู้แต่ง [กนิษฐา ปานเกตุ.]

BibComment


ยังไม่เคยถูกคอมเมนท์

คอมเมนท์ทรัพยากรรายการนี้
  คอมเมนท์: คุณพ่อสายลับ My ..


 Copyright 2026. Bcnsprnw @Library